| 000 | 00694npc a2200205Ia 4500 | ||
|---|---|---|---|
| 001 | dp5/6-1268 [d000001228] | ||
| 003 | IT-MiCISF | ||
| 008 | 161014s9999||||xx | und|| | ||
| 040 |
_aIT-MiCISF _cIT-MiCISF |
||
| 041 | _ait | ||
| 100 | _aFregni Gianfranco | ||
| 245 | 0 |
_aIl catechismo dei bambini "lasciate che i bambini vengano a me" _bAnnunciare, celebrare e testimoniare il Vangelo della carità in una pastorale organica |
|
| 250 | _a1a ed. | ||
| 260 |
_aAssisi (PG) _bConvegno unitario uffici catechistici liturgici e caritas _c1992 |
||
| 300 | _app. 5 | ||
| 500 | _a / pastorale, bambini, catechesi / | ||
| 650 | _apastorale | ||
| 942 | _cDD | ||
| 957 | _71 | ||
| 999 |
_a1268 _bsi _g1 _c206441 _d206441 |
||